| 000 | 00525nam a2200205Ia 4500 | ||
|---|---|---|---|
| 005 | 20250425162830.0 | ||
| 008 | 250425s9999 xx 000 0 und d | ||
| 020 | _a9789702611479 | ||
| 041 | _aspa | ||
| 044 | _amx | ||
| 100 | _aHAEUSSLER, ERNEST F | ||
| 245 | 0 | _aMATEMATICAS PARA ADMINISTRACION Y ECONOMÍA | |
| 250 | _a12 ED. | ||
| 264 |
_aMéxico, MEXICO _bPEARSON EDUCATION _c2008. |
||
| 300 | _a821 | ||
| 700 | _aBALSECA SELLAN, RICHARD PAUL | ||
| 700 | _aWOOD, RICHARD J. | ||
| 942 | _c01 | ||
| 010 | _a110810 | ||
| 999 |
_c237333 _d237333 |
||